01290cam a22002537a 450000100100000000500170001000800410002702000150006804000250008324501650010826001230027330000360039650000730043265100640050565100640056961000500063365100650068365000400074870000400078870000460082870000340087495201110090899900170101900001198520200929162639.0040825s2003 sp a b 000 0 spa d a8400082060 aDO-SdBNPbspacBNPHU03aLa Casa de la Contratacion y la navegacion entre Espana y las Indias /ccoordinadores Antonio Acosta Rodriguez, Adolfo Gonzalez Rodriguez, Enriqueta Vila Vilar. aSevilla :bUniversidad de Sevilla :bConsejo Superior de Investigaciones Científicas :bFundación El Monte,c2003. axxiii, 1072 p. :bil. ;c24 cm. aIncluye referencias bibliográficas y notas al pie de las páginas 0aSpainxCommercezLatin AmericaxHistoryvCongresses.928346 0aLatin AmericaxCommercezSpainxHistoryvCongresses.92834720aCasa de Contratacion (Spain)xHistory.928348 0aSpainxColonieszAmericaxAdministrationvCongresses.928349 0aShippingzSpainvCongresses.9283501 aAcosta Rodríguez, Antonio.9283511 aGonzalez Rodríguez, Adolfo Luis.9283521 aVila Vilar, Enriqueta.915386 001054708MOaGRbGRcCTd2009-11-02iLF1l0o p11985-10r2020-06-25w2020-06-25y4ZPréstamo en sala c11654d11654